Zoology : (Record no. 6132)
[ view plain ]
| 000 -LEADER | |
|---|---|
| fixed length control field | 00946nam a22002657i 4500 |
| 003 - CONTROL NUMBER IDENTIFIER | |
| control field | URS |
| 005 - DATE AND TIME OF LATEST TRANSACTION | |
| control field | 20220117090703.0 |
| 008 - FIXED-LENGTH DATA ELEMENTS--GENERAL INFORMATION | |
| fixed length control field | 180917s2005 ph a|||| |||| 00| 0 eng | |
| 020 ## - INTERNATIONAL STANDARD BOOK NUMBER | |
| International Standard Book Number | 9712715434 |
| 040 ## - CATALOGING SOURCE | |
| Language of cataloging | eng |
| Transcribing agency | URS |
| Description conventions | rda |
| 050 10 - LIBRARY OF CONGRESS CALL NUMBER | |
| Classification number | QL47.2 |
| Item number | .V8291 2005 |
| 100 1# - MAIN ENTRY--PERSONAL NAME | |
| Personal name | Vistan-Bordador, Ma. Carmita B. |
| Relator term | author |
| 245 10 - TITLE STATEMENT | |
| Title | Zoology : |
| Remainder of title | laboratory manual / |
| Statement of responsibility, etc. | Ma. Carmita B. Vistan-Bordador |
| 264 #1 - PRODUCTION, PUBLICATION, DISTRIBUTION, MANUFACTURE, AND COPYRIGHT NOTICE | |
| Place of production, publication, distribution, manufacture | Pasig City, Philippines : |
| Name of producer, publisher, distributor, manufacturer | Anvil Publishing, Incorporated, |
| Date of production, publication, distribution, manufacture, or copyright notice | [date of publication not identified] |
| 264 #4 - PRODUCTION, PUBLICATION, DISTRIBUTION, MANUFACTURE, AND COPYRIGHT NOTICE | |
| Date of production, publication, distribution, manufacture, or copyright notice | ©2005 |
| 300 ## - PHYSICAL DESCRIPTION | |
| Extent | 185 pages : |
| Other physical details | illustrations ; |
| Dimensions | 25 cm |
| 336 ## - CONTENT TYPE | |
| Source | rdacontent |
| Content type term | text |
| 336 ## - CONTENT TYPE | |
| Source | rdacontent |
| Content type term | still image |
| 337 ## - MEDIA TYPE | |
| Source | rdamedia |
| Media type term | unmediated |
| 338 ## - CARRIER TYPE | |
| Source | rdacarrier |
| Carrier type term | volume |
| 504 ## - BIBLIOGRAPHY, ETC. NOTE | |
| Bibliography, etc. note | Includes bibliographical references. |
| 524 ## - PREFERRED CITATION OF DESCRIBED MATERIALS NOTE | |
| Preferred citation of described materials note | Vistan-Bordador, M. C. (2005). Zoology : laboratory manual. Pasig City, Philippines: Anvil Publishing, Incorporated. |
| 650 #0 - SUBJECT ADDED ENTRY--TOPICAL TERM | |
| Topical term or geographic name entry element | Zoology |
| 942 ## - ADDED ENTRY ELEMENTS (KOHA) | |
| Source of classification or shelving scheme | Library of Congress Classification |
| Koha item type | Filipiniana |
| Withdrawn status | Source of classification or shelving scheme | Damaged status | Not for loan | Collection code | Home library | Current library | Shelving location | Date acquired | Total Checkouts | Full call number | Barcode | Date last seen | Price effective from | Koha item type |
|---|---|---|---|---|---|---|---|---|---|---|---|---|---|---|
| Library of Congress Classification | Non-fiction | Cardona College LIbrary | Cardona College LIbrary | General Stacks | 02/15/2019 | QL47.2 .V8291 2005 | URSCAR-1561 | 02/15/2019 | 02/15/2019 | Filipiniana |